|
|
|
|
| LEADER |
00000nam0a2200000 4500 |
| 001 |
375075 |
| 005 |
20231101051438.0 |
| 035 |
|
|
|a (RuTPU)RU\TPU\retro\32510
|
| 035 |
|
|
|a RU\TPU\book\226488
|
| 090 |
|
|
|a 375075
|
| 100 |
|
|
|a 20221220d1964 km y0rusy50 ca
|
| 101 |
0 |
|
|a rus
|
| 102 |
|
|
|a RU
|
| 105 |
|
|
|a a z 000zy
|
| 200 |
1 |
|
|a Маломасляные подстанционные выключатели и приводы к ним
|f В. Б. Гурвич, В. В. Каплан
|
| 205 |
|
|
|a 2-е изд., доп.
|
| 210 |
|
|
|a Москва
|a Ленинград
|c Энергия
|d 1964
|
| 215 |
|
|
|a 172 с.
|c ил.
|
| 610 |
1 |
|
|a выключатели
|
| 610 |
1 |
|
|a масляные выключатели
|
| 610 |
1 |
|
|a подстанции
|
| 610 |
1 |
|
|a приводы
|
| 610 |
1 |
|
|a конструкции
|
| 675 |
|
|
|a 621.316.5
|v 3
|
| 700 |
|
1 |
|a Гурвич
|b В. Б.
|g Вениамин Бецалелевич
|
| 701 |
|
1 |
|a Каплан
|b В. В.
|g Вениамин Вульфович
|
| 801 |
|
1 |
|a RU
|b 63413507
|c 20120125
|
| 801 |
|
2 |
|a RU
|b 63413507
|c 20221220
|g RCR
|
| 942 |
|
|
|c BK
|